00299nam a22001337a 4500003000400000008004100004020001800045082001600063100001500079245002300094250001800117260002200135300000800157OSt250505b |||||||| |||| 00| 0 eng d a9789355424952 a005.133 ZEP aZELLE,John aPython Programming a1st Ed Indian aMumbaibSPDc2024 a557